Online katalóg knižníc regiónu Turca

Konzervujeme zeleninu jednoducho a lacno / (Record no. 20320)

MARC details
000 -LEADER
fixed length control field 00631nam a22002171 4500
001 - CONTROL NUMBER
control field 20320
003 - CONTROL NUMBER IDENTIFIER
control field CZ PrNK
005 - DATE AND TIME OF LATEST TRANSACTION
control field 20260121123603.0
008 - FIXED-LENGTH DATA ELEMENTS--GENERAL INFORMATION
fixed length control field 020307s1949 xo slo
040 ## - CATALOGING SOURCE
Original cataloging agency ABA001
Language of cataloging cze
Transcribing agency ABA001
Modifying agency ABA001
100 1# - MAIN ENTRY--PERSONAL NAME
Personal name Horynová, Anna,
Dates associated with a name 1898-1976
Relationship aut
245 10 - TITLE STATEMENT
Title Konzervujeme zeleninu jednoducho a lacno /
Statement of responsibility, etc. Anna Horynová
250 ## - EDITION STATEMENT
Edition statement 1. vyd.
260 ## - PUBLICATION, DISTRIBUTION, ETC.
Place of publication, distribution, etc. Bratislava :
Name of publisher, distributor, etc. Oráč,
Date of publication, distribution, etc. 1949
Place of manufacture (Komárno :
Manufacturer Pravda)
300 ## - PHYSICAL DESCRIPTION
Extent 111, 6 s. ;
Dimensions
490 1# - SERIES STATEMENT
Series statement Roľnícka knižnica ;
Volume/sequential designation Sv. 30
500 ## - GENERAL NOTE
General note Ilustrováno
830 #0 - SERIES ADDED ENTRY--UNIFORM TITLE
Uniform title Roľnícka knižnica
910 ## - USER-OPTION DATA (OCLC)
User-option data ABA001
942 ## - ADDED ENTRY ELEMENTS (KOHA)
Source of classification or shelving scheme Dewey Decimal Classification
Koha item type Odborná literatúra pre dospelých
Suppress in OPAC No
Holdings
Stav vyradenia Strata Poškodenie Spôsob nadobudnutia Domovská knižnica Aktuálna knižnica Dátum nadobudnutia Total checkouts Čiarový kód exemplára Date last seen Typ exemplára
      Dar Obecná knižnica Horná Štubňa Obecná knižnica Horná Štubňa 21.01.2026   4736200358 21.01.2026 Odborná literatúra pre dospelých
Projekt je podporený Slovenskou asociáciou knižníc
Prevádzkuje Turčianska knižnica Martin 2026